Find the European Flags Quiz Stats

Quiz Updated Dec 3, 2016

Also try: Flags Within Flags
Challenge
Share
Tweet
Score 0/47 Timer 05:00
56 Plays Today
% Correct
United Kingdom
90.5%
Greece
87.3%
France
86.6%
Ireland
86.5%
Switzerland
85.8%
Sweden
85.2%
Turkey
84.9%
Germany
83.5%
Italy
83.4%
Spain
83.3%
Finland
82.3%
Cyprus
80.1%
Norway
79.3%
Belgium
78.7%
Russia
78.3%
Ukraine
75.2%
Portugal
74.8%
Denmark
73.1%
Iceland
71.6%
Vatican City
71.4%
Croatia
70.4%
Czechia
68.9%
Estonia
67.8%
Austria
67.6%
% Correct
Albania
67.5%
Macedonia
64.7%
Netherlands
63.5%
Romania
62.7%
Bosnia & Herzegovina
62.5%
Hungary
61.8%
Poland
60.8%
Kosovo
60.7%
Malta
59.3%
Belarus
58.9%
Slovakia
58.8%
Bulgaria
58%
Latvia
57.5%
Slovenia
56.4%
Luxembourg
56%
San Marino
55.5%
Andorra
52.6%
Serbia
51.6%
Lithuania
51.4%
Liechtenstein
50.1%
Monaco
49.1%
Montenegro
48.2%
Moldova
46.8%

You're not logged in!

Compare scores with friends on all Sporcle quizzes.
Sign Up with Email
OR
Log In

You Might Also Like...

Show Comments

Extras

Top Quizzes Today


Score Distribution

Your Account Isn't Verified!

In order to create a playlist on Sporcle, you need to verify the email address you used during registration. Go to your Sporcle Settings to finish the process.